Statistics for Africa Cup of Nations winners

Click here to take the quiz!

General Stats

  • This quiz has been taken 176 times
    (170 since last reset)
  • The average score is 27 of 29

Answer Stats

YearHostAnswer% Correct
1957SudanEgypt
99%
1998Burkina FasoEgypt
99%
2010AngolaEgypt
99%
2008GhanaEgypt
99%
2006EgyptEgypt
99%
1986EgyptEgypt
99%
1959United Arab RepublicUnited Arab Republic
99%
1990AlgeriaAlgeria
98%
1963GhanaGhana
97%
1965TunisiaGhana
97%
1978GhanaGhana
97%
1982LibyaGhana
97%
2013South AfricaNigeria
97%
1980NigeriaNigeria
97%
1994TunisiaNigeria
97%
2000Ghana/NigeriaCameroon
96%
1984Cote d'IvoireCameroon
96%
1988MoroccoCameroon
96%
2002MaliCameroon
96%
1992Ivory CoastIvory Coast
96%
1996South AfricaSouth Africa
95%
2004TunisiaTunisia
95%
1976EthiopiaMorocco
87%
1970SudanSudan
84%
1968EthiopiaCongo-Kinshasa
82%
1974EgyptZaire
80%
1962EthiopiaEthiopia
79%
1972CameroonCongo
73%
2012Gabon/Equatorial GuineaZambia
70%

Score Distribution

Percentile by Number Answered

Percent of People with Each Score

Your Score History

You have not taken this quiz since the last reset